Bin Weevils Characters - Statistics

General Stats
  • This quiz has been taken 6 times
  • The average score is 38 of 161
Answer Stats
Family Answer % Correct
Bing Bing
80%
Dosh Dosh
80%
Ink Ink
80%
Gong Kong Fu
80%
Ink Tink
80%
Extras Big Weevil
60%
Rott Clott
60%
Ink Fink
60%
Flem Flem
60%
Gong Gong
60%
Kip Kip
60%
Tab Lab
60%
Punt Punt
60%
Rott Rott
60%
Punt Runt
60%
Tab Tab
60%
S.W.S Baby Colin
40%
Bing Bling
40%
Rott Blott
40%
Dosh Bosh
40%
Punt Bunty
40%
Extras Colin
40%
Kip Dip
40%
Extras Doodle
40%
Tab Fab
40%
Bing Fling
40%
Kip Flip
40%
Tab Gab
40%
Gam Gam
40%
Extras Garden Inspector
40%
Extras Glam
40%
Tum Glum
40%
Dosh Gosh
40%
Rott Gott
40%
Punt Grunt
40%
Flem Hem
40%
Punt Hunt
40%
Rott Jott
40%
Flem Kem
40%
Dosh Kosh
40%
Extras Lady Wawa
40%
Flem Mem
40%
Extras Monty
40%
Extras Mudd
40%
Tab Nab
40%
Extras Nest Inspector
40%
W.E.B Octeelia
40%
Ink Pink
40%
Gong Pong
40%
Dosh Posh
40%
Extras Recluse
40%
Rigg Rigg
40%
Tum Rum
40%
Extras Scribbles
40%
Kip Ship
40%
Ink Sink
40%
Kip Sip
40%
Bing Sling
40%
Dosh Slosh
40%
Extras Snappy
40%
Gong Song
40%
Punt Stunt
40%
Bing Thing
40%
W.E.B Thugg
40%
Gong Tong
40%
Tum Tum
40%
W.E.B Weevil X
40%
Ink Wink
40%
Bing Zing
40%
Kip Zip
40%
Gam (Old Bin) Bam
20%
Bin Bots S1 Bed Bug
20%
Gong Bongo
20%
S.W.S Castle Guard
20%
Tab Dab
20%
Rigg Digg
20%
Unreleased Bin Bots Empire Age
20%
Rigg Figg
20%
Bin Bots S2 Firefly
20%
Gam Flam
20%
Bin Bots S1 Flutter Bug
20%
Tum Fum
20%
Flem Gem
20%
Gam Ham
20%
Gam Jam
20%
Bin Bots S1 Mulch Mite
20%
Gam Ram
20%
Gam Slam
20%
Tum Slum
20%
Tum Sum
20%
Rigg Trigg
20%
Rigg Twigg
20%
Mulch Island Fish Wanda
20%
Rigg Wigg
20%
Unreleased Bin Bots 99 Snail
0%
Unreleased Bin Bots Bacon Bee
0%
Bin Bots S1 Barf Bot
0%
Rigg (Old Bin) Bigg
0%
Flem Blew
0%
Unreleased Bin Bots Bounder
0%
Bin Bots S2 Bow Beep
0%
Bin Bots S1 Brainless Bot
0%
Bin Bots S2 Bronco
0%
Unreleased Bin Bots Bullrock
0%
Bin Bots S2 Bunny Bot
0%
Ink (Old Bin) Clink
0%
Unreleased Bin Bots Coach
0%
Unreleased Bin Bots Corni
0%
Unreleased Bin Bots CrabShack
0%
Gam (Old Bin) Cram
0%
Unreleased Bin Bots Creepy Keep
0%
Ink (Old Bin) Dink
0%
Bin Bots S1 Fire Bot
0%
Bin Bots S1 Garbage Bot
0%
Unreleased Bin Bots G-Wow
0%
Bin Bots S2 Hamm Bird
0%
Unreleased Bin Bots Hatchet
0%
Unreleased Bin Bots Heli Bee
0%
Rigg (Old Bin) Higg
0%
Unreleased Bin Bots Hootree
0%
Bin Bots S1 Hug Bug
0%
Bin Bots S1 Ice Bot
0%
Unreleased Bin Bots Lisle
0%
Bin Bots S2 Loady Bug
0%
Bin Bots S2 Minox
0%
Bin Bots S1 Munch Bug
0%
Bin Bots S2 Octopuss
0%
Unreleased Bin Bots Prairie
0%
Rigg (Old Bin) Prigg
0%
Unreleased Bin Bots Raskle
0%
Unreleased Bin Bots Rattle
0%
Bin Bots S2 Rockilla
0%
Unreleased Bin Bots Roobot
0%
Unreleased Bin Bots Rooster
0%
Gam (Old Bin) Scram
0%
Rigg (Old Bin) Sigg
0%
Unreleased Bin Bots Skippy
0%
Unreleased Bin Bots Slipper Slug
0%
Bin Bots S1 Slug Bug
0%
Bin Bots S2 Snuffle Bee
0%
Unreleased Bin Bots Spanner Bird
0%
Unreleased Bin Bots Stealth
0%
Unreleased Bin Bots StiltChimp
0%
Bin Bots S2 Stilt Jig
0%
Ink (Old Bin) Stink
0%
Unreleased Bin Bots Strolly
0%
Bin Bots S1 Sweep Bot
0%
Unreleased Bin Bots Tash Bot
0%
Unreleased Bin Bots Teadz
0%
Unreleased Bin Bots ThunderBug
0%
Rigg (Old Bin) Tigg
0%
Unreleased Bin Bots Toastie
0%
Unreleased Bin Bots Tonk
0%
Unreleased Bin Bots Trip Trap
0%
Bin Bots S2 Trizer
0%
Unreleased Bin Bots T-Rox
0%
Unreleased Bin Bots Tubby
0%
Unreleased Bin Bots Volco
0%
Unreleased Bin Bots Wade
0%
Unreleased Bin Bots Wingnut
0%
No matching quizzes found
Score Distribution
Percent of People with Each Score
Percentile by Number Answered
Your Score History
You have not taken this quiz